Images and options in the language classroom

Guardat en:
Dades bibliogràfiques
Autor principal: Stevick, Earl W (Autor)
Format: Llibre
Idioma:anglès
Publicat: Cambridge Cambridge University 1986
Matèries:
Etiquetes: Afegir etiqueta
Sense etiquetes, Sigues el primer a etiquetar aquest registre!

MARC

LEADER 00000nam a2200000 a 4500
001 UCQ7983
003 CL-VaPUC
008 981121e19860000uk |||||||||||||||||eng|d
082 0 4 |a 418.007  |b STE  |2 21 
100 0 |a Stevick, Earl W  |e author  |9 421809 
245 1 0 |a Images and options in the language classroom 
300 |a 177 p 
942 |c BK 
945 |d 19981121 00:00:00  |a crobeson 
260 |a Cambridge  |b Cambridge University  |c 1986 
650 0 |a Lingüística aplicada   |9 313266 
650 0 |a Educación lingüística  |9 306506 
650 0 |a Enseñanza de idiomas  |9 339820 
583 |a last modification  |c 20130806 06:51:05  |k Rodrigo Vera 
999 |c 277355  |d 277353 
952 |0 0  |1 0  |4 0  |6 418_007000000000000_STE_1986  |7 0  |8 A  |9 315248  |a FDOPOS  |b FDOPOS  |d 2019-11-20  |i 1495690  |o 418.007 STE 1986  |p 1495690  |r 2025-01-22  |w 2019-11-20  |y BK  |k MLA